[Event "Active 1994.10"]
[Site "Montreal CAN"]
[Date "1994.10.30"]
[Round "4"]
[White "Nazarov, Alexander"]
[Black "Charbonneau, Pascal"]
[Result "0-1"]
[WhiteElo "1267"]
[BlackElo "1592"]
[PlyCount "96"]
[GameId "2160767912140153"]
[EventDate "1994.10.30"]
[EventType "rapid"]
[EventCountry "CAN"]

1. e4 c5 2. Nf3 d6 3. d4 cxd4 4. Nxd4 Nf6 5. Nc3 g6 6. h3 Bg7 7. Be3 O-O 8. Qd2 Nc6 9. Nf3 Be6 10. Bh6 Qa5 11. Bxg7 Kxg7 12. Ng5 Bd7 13. Bc4 Ne5 14. Bb3 Rac8 15. O-O Nc4 16. Bxc4 Rxc4 17. Rfe1 Qb4 18. Rab1 b6 19. a3 Qa5 20. Nf3 Rfc8 21. Qd3 b5 22. e5 dxe5 23. Nxe5 R4c7 24. Nxd7 Rxd7 25. Qxb5 Qxb5 26. Nxb5 Rxc2 27. Rbd1 Rxd1 28. Rxd1 a6 29. Rd7 Nxd7 30. Nc3 Rxb2 31. Nd5 e6 32. Nc7 Nc5 33. Ne8+ Kf8 34. Nd6 Nd3 35. f3 Nf4 36. Ne4 Rxg2+ 37. Kf1 Ra2 38. Nc5 Rxa3 39. Ke1 a5 40. Nb7 a4 41. Nc5 Nd3+ 42. Nxd3 Rxd3 43. Ke2 Rb3 44. Kd2 a3 45. f4 a2 46. f5 a1=Q 47. fxg6 Qa2+ 48. Kc1 Rb1# 0-1

[Event "Montreal op"]
[Site "Montreal CAN"]
[Date "1994.09.04"]
[Round "3"]
[White "Lacroix, Serge"]
[Black "Charbonneau, Pascal"]
[Result "1/2-1/2"]
[WhiteElo "1967"]
[BlackElo "1792"]
[PlyCount "66"]
[GameId "2160767912140325"]
[EventDate "1994.09.03"]
[EventType "swiss"]
[EventRounds "5"]
[EventCountry "CAN"]
[SourceTitle "Lacroix"]

1. e4 c5 2. Nf3 d6 3. d4 cxd4 4. Nxd4 Nf6 5. Nc3 g6 6. Be3 Bg7 7. Bc4 O-O 8. f3 Nc6 9. Qd2 Bd7 10. O-O-O Rc8 11. Bb3 Ne5 12. h4 h5 13. Bg5 Nc4 14. Bxc4 Rxc4 15. Nb3 Be6 16. Bh6 Qc7 17. Bxg7 Kxg7 18. Nd4 Bd7 19. Nde2 Rc8 20. Kb1 b5 21. Rc1 Qa5 22. Nd4 b4 23. Nce2 Qb6 24. c3 e5 25. Nb3 a5 26. cxb4 Rxb4 27. Rxc8 Bxc8 28. Rd1 Be6 29. Nbc1 d5 30. Nd3 Ra4 31. Nc3 Rd4 32. Ne2 Ra4 33. Nc3 Rd4 1/2-1/2

[Event "Quebec op U1800"]
[Site "Montreal CAN"]
[Date "1994.07.26"]
[Round "4"]
[White "Charbonneau, Pascal"]
[Black "Forget, Luc"]
[Result "1-0"]
[WhiteElo "1570"]
[BlackElo "1676"]
[PlyCount "43"]
[GameId "2160767912202344"]
[EventDate "1994.07.23"]
[EventType "swiss"]
[EventRounds "8"]
[EventCountry "CAN"]
[SourceTitle "Echec+ 1994.11"]

1. e4 e5 2. Nf3 Nc6 3. d4 exd4 4. Bc4 Nf6 5. O-O Nxe4 6. Re1 d5 7. Bxd5 Qxd5 8. Nc3 Qa5 9. Nxe4 Be6 10. Neg5 O-O-O 11. Nxe6 fxe6 12. Rxe6 Bb4 13. Qe2 Qh5 14. Bf4 Rhe8 15. a3 Bc5 16. Re1 Rxe6 17. Qxe6+ Kb8 18. Ne5 Nxe5 19. Rxe5 Qd1+ 20. Re1 Qh5 21. g4 Qh3 22. Qd7 1-0

[Event "Quebec op U1800"]
[Site "Montreal CAN"]
[Date "1994.07.29"]
[Round "7"]
[White "Walker, Andrew"]
[Black "Charbonneau, Pascal"]
[Result "0-1"]
[WhiteElo "1691"]
[BlackElo "1640"]
[PlyCount "48"]
[GameId "2160767912202347"]
[EventDate "1994.07.23"]
[EventType "swiss"]
[EventRounds "8"]
[EventCountry "CAN"]
[SourceTitle "hb 2013"]

1. d4 Nf6 2. c4 g6 3. Nc3 Bg7 4. e4 d6 5. Be2 O-O 6. Bg5 Nbd7 7. h3 e5 8. d5 h6 9. Be3 Ne8 10. Qd2 Kh7 11. g4 Nc5 12. h4 f5 13. Bxc5 dxc5 14. h5 fxg4 15. hxg6+ Kxg6 16. Qe3 b6 17. f3 Qg5 18. Qf2 h5 19. Nh3 gxh3 20. Rg1 Bg4 21. fxg4 Rxf2 22. gxh5+ Kh6 23. Rxg5 Rxe2+ 24. Kxe2 Kxg5 0-1

[Event "Quebec op U1800"]
[Site "Montreal CAN"]
[Date "1994.07.30"]
[Round "8"]
[White "Charbonneau, Pascal"]
[Black "Cool, Benoit"]
[Result "0-1"]
[WhiteElo "1640"]
[BlackElo "1656"]
[PlyCount "136"]
[GameId "2160767912202348"]
[EventDate "1994.07.23"]
[EventType "swiss"]
[EventRounds "8"]
[EventCountry "CAN"]
[SourceTitle "hb 2013"]

1. e4 d6 2. d4 Nf6 3. Nc3 g6 4. Nf3 Bg7 5. Be2 O-O 6. h3 c6 7. O-O Nbd7 8. Be3 Qc7 9. Qd2 Re8 10. Rfe1 a6 11. Bf1 b5 12. a3 Bb7 13. Bf4 e5 14. dxe5 dxe5 15. Bh6 Bh8 16. Rad1 Rad8 17. Qd6 Qc8 18. Bg5 Nf8 19. Qc5 Ne6 20. Qxe5 Rxd1 21. Nxd1 Nxg5 22. Qxg5 Nxe4 23. Qf4 c5 24. Bd3 Qc6 25. c3 Bg7 26. Nd2 Nxd2 27. Rxe8+ Qxe8 28. Qxd2 Qc6 29. f3 Qd6 30. Qe2 c4 31. Bc2 Bh6 32. Qf2 Qd2 33. Qxd2 Bxd2 34. Kf2 Bc1 35. Bb1 Kg7 36. Bc2 Kf6 37. Bb1 Kg5 38. Bc2 h5 39. Bb1 h4 40. Bc2 Bc8 41. Be4 Kf4 42. Ke2 Kg3 43. Kf1 Kf4 44. Ke2 Ke5 45. Bc6 f6 46. a4 bxa4 47. Bxa4 Be6 48. Bc2 g5 49. Kf2 Kd6 50. Ke2 Kc5 51. Kf2 a5 52. Ba4 f5 53. g3 hxg3+ 54. Kxg3 f4+ 55. Kg2 Bd5 56. Kf2 Bc6 57. b3 cxb3 58. Bxb3 a4 59. Ba2 Bd5 60. Bb1 a3 61. c4 Bxc4 62. Nc3 Kd4 63. Ne2+ Bxe2 64. Kxe2 Kc3 65. Ba2 Kb2 66. Kd1 Kxa2 67. Kxc1 Kb3 68. Kb1 Kc3 0-1

[Event "Quebec-ch U16"]
[Site "Montreal CAN"]
[Date "1994.02.24"]
[Round "1"]
[White "Marineau, Remi"]
[Black "Charbonneau, Pascal"]
[Result "0-1"]
[WhiteElo "1445"]
[BlackElo "1622"]
[PlyCount "77"]
[GameId "2160767912219395"]
[EventDate "1994.02.25"]
[EventType "tourn"]
[EventRounds "7"]
[EventCountry "CAN"]
[SourceTitle "hb 2014"]

1. e4 c5 2. Bc4 e6 3. Nc3 Ne7 4. Qe2 Nbc6 5. Nb5 d6 6. c3 a6 7. Na3 b5 8. Bb3 Ng6 9. d3 Be7 10. f4 O-O 11. Nf3 Re8 12. O-O d5 13. e5 Qb6 14. Kh1 Bd7 15. c4 bxc4 16. dxc4 d4 17. Bc2 Nb4 18. Be4 Bc6 19. Bxc6 Qxc6 20. Bd2 Rad8 21. Ne1 Rb8 22. Bxb4 Rxb4 23. Nd3 Rbb8 24. Nc2 Bf8 25. f5 exf5 26. Rxf5 Qe6 27. Raf1 Qxc4 28. b3 Qd5 29. Rxf7 c4 30. bxc4 Qxc4 31. e6 Qxa2 32. Qf2 Qxe6 33. Nxd4 Qc4 34. Nf5 Qxd3 35. Nxg7 Rb1 36. Qa2 Rxf1+ 37. Rxf1+ Kxg7 38. Qb2+ Kg8 39. Qf6 0-1

[Event "Quebec-ch U16"]
[Site "Montreal CAN"]
[Date "1994.02.25"]
[Round "2"]
[White "Bolduc, Olivier"]
[Black "Charbonneau, Pascal"]
[Result "0-1"]
[WhiteElo "1560"]
[BlackElo "1686"]
[PlyCount "42"]
[GameId "2160767912219396"]
[EventDate "1994.02.25"]
[EventType "tourn"]
[EventRounds "7"]
[EventCountry "CAN"]
[SourceTitle "Echec+ 1994.05"]

1. e4 c5 2. Nc3 Nc6 3. g3 e6 4. Bg2 g6 5. f4 Bg7 6. Nf3 Nge7 7. O-O O-O 8. d3 d6 9. Be3 Nd4 10. Bxd4 cxd4 11. Ne2 e5 12. h3 f5 13. exf5 Nxf5 14. Qd2 Ne3 15. Rfe1 Qd7 16. h4 Qg4 17. Ng5 h6 18. Bh3 Qh5 19. Bxc8 Raxc8 20. Ne6 Rxc2 21. Qa5 Qf3 0-1

[Event "Quebec-ch U16"]
[Site "Montreal CAN"]
[Date "1994.02.25"]
[Round "3"]
[White "Charbonneau, Pascal"]
[Black "Shatat, Jon"]
[Result "1/2-1/2"]
[WhiteElo "1622"]
[BlackElo "1709"]
[PlyCount "101"]
[GameId "2160767912227592"]
[EventDate "1994.02.25"]
[EventType "tourn"]
[EventRounds "7"]
[EventCountry "CAN"]
[SourceTitle "hb 2014"]

1. e4 c5 2. c3 d6 3. d4 cxd4 4. cxd4 e6 5. Nc3 Nc6 6. Nf3 g6 7. Bg5 Be7 8. Bxe7 Qxe7 9. Bb5 a6 10. Qa4 Bd7 11. O-O Na7 12. Bxd7+ Qxd7 13. Qxd7+ Kxd7 14. Na4 Nc8 15. Rac1 b5 16. Rxc8 Rxc8 17. Nb6+ Kd8 18. Nxc8 Kxc8 19. Rc1+ Kd7 20. Ng5 Nh6 21. e5 d5 22. Kf1 Ng4 23. h3 Nh6 24. Ke2 Nf5 25. Kd3 h6 26. Nf3 Ne7 27. Nd2 Rc8 28. Rxc8 Kxc8 29. Kc3 Kc7 30. Nb3 Nf5 31. g3 Kc6 32. Nc5 a5 33. a4 b4+ 34. Kd3 Ne7 35. g4 Kc7 36. Ke3 Nc6 37. Nb3 Kd7 38. Kf4 Ke8 39. h4 Kd7 40. h5 g5+ 41. Ke3 Ke7 42. Nc5 f6 43. Nd3 f5 44. gxf5 exf5 45. f4 g4 46. Nc1 Ke6 47. Ne2 Ne7 48. Ng3 Nc6 49. b3 Ne7 50. Kd3 Nc6 51. Ke3 1/2-1/2

[Event "Quebec-ch U16"]
[Site "Montreal CAN"]
[Date "1994.02.26"]
[Round "4"]
[White "Caplan, Adam"]
[Black "Charbonneau, Pascal"]
[Result "1-0"]
[WhiteElo "1563"]
[BlackElo "1622"]
[PlyCount "59"]
[GameId "2160767912227597"]
[EventDate "1994.02.25"]
[EventType "tourn"]
[EventRounds "7"]
[EventCountry "CAN"]
[SourceTitle "hb 2014"]

1. e4 c5 2. Nf3 d6 3. c3 Nf6 4. Bd3 Nc6 5. h3 e6 6. Bc2 d5 7. exd5 Nxd5 8. d4 cxd4 9. Nxd4 Bd7 10. O-O Bc5 11. Be3 Qb6 12. Nxc6 Nxe3 13. fxe3 Bxe3+ 14. Kh1 Bxc6 15. Na3 Rd8 16. Qh5 g6 17. Qe5 Rf8 18. Rae1 Rd2 19. Be4 Qa6 20. Rf6 Bxe4 21. Qxe4 Bg5 22. Nc4 Rd7 23. Rf2 Rc7 24. Qe5 Qxc4 25. Qxg5 Rc5 26. Qf6 Rc6 27. Rd2 Rc8 28. Rd6 Qc5 29. Rexe6+ fxe6 30. Qxe6# 1-0

[Event "Quebec-ch U16"]
[Site "Montreal CAN"]
[Date "1994.02.26"]
[Round "5"]
[White "Charbonneau, Pascal"]
[Black "Hua, Lefong"]
[Result "0-1"]
[WhiteElo "1622"]
[BlackElo "1837"]
[PlyCount "138"]
[GameId "2160767912227600"]
[EventDate "1994.02.25"]
[EventType "tourn"]
[EventRounds "7"]
[EventCountry "CAN"]
[SourceTitle "hb 2014"]

1. e4 d5 2. exd5 Nf6 3. d4 Nxd5 4. Nf3 Bg4 5. Be2 g6 6. O-O Bg7 7. h3 Bxf3 8. Bxf3 c6 9. Re1 e6 10. Be3 O-O 11. c3 Nd7 12. Nd2 N7b6 13. Qe2 Re8 14. Ne4 Qc7 15. Bg5 Nd7 16. Qd2 e5 17. c4 N5f6 18. Nxf6+ Bxf6 19. Bxf6 Nxf6 20. Qg5 Nd7 21. d5 c5 22. Rad1 Qd6 23. Be4 Rab8 24. b3 a6 25. Re2 b6 26. Rde1 Kh8 27. g4 Rf8 28. Kg2 f5 29. Bc2 e4 30. Qd2 Qf6 31. Bb1 Rbe8 32. g5 Qg7 33. h4 Qd4 34. Qxd4+ cxd4 35. Rd2 d3 36. b4 Ne5 37. Rc1 Rc8 38. c5 Rfd8 39. d6 Rxd6 40. Kg3 Rdc6 41. Kf4 Nf3 42. Rb2 d2 43. Rd1 bxc5 44. bxc5 Rxc5 45. Rbxd2 Nxd2 46. Rxd2 Rb5 47. Bxe4 fxe4 48. Kxe4 Rb4+ 49. Ke3 Rxh4 50. Rd6 Ra4 51. Rd2 Ra5 52. Kf4 Rf8+ 53. Kg4 Raf5 54. Rd6 a5 55. Ra6 Rc8 56. f4 Rc7 57. Kg3 Kg7 58. Ra8 Kf7 59. Rh8 Ke6 60. Re8+ Kd5 61. Ra8 Kc4 62. Rb8 Rb5 63. Re8 Kb4 64. Re4+ Ka3 65. Re2 Rb2 66. Re3+ Kxa2 67. Kg4 a4 68. Re4 Kb3 69. Re1 a3 0-1

[Event "Quebec-ch U16"]
[Site "Montreal CAN"]
[Date "1994.02.27"]
[Round "6"]
[White "Fang, Ming"]
[Black "Charbonneau, Pascal"]
[Result "0-1"]
[WhiteElo "1452"]
[BlackElo "1622"]
[PlyCount "59"]
[GameId "2160767912227605"]
[EventDate "1994.02.25"]
[EventType "tourn"]
[EventRounds "7"]
[EventCountry "CAN"]
[SourceTitle "hb 2014"]

1. c4 Nf6 2. Nc3 e6 3. d4 d5 4. Bg5 Be7 5. e3 O-O 6. Bd3 h6 7. h4 b6 8. f4 Bb7 9. Nf3 dxc4 10. Bc2 Nbd7 11. e4 Ng4 12. Qe2 h5 13. Nh2 f6 14. Nxg4 fxg5 15. Qxc4 gxf4 16. Qxe6+ Kh8 17. Qg6 Qe8 18. Qxe8 Raxe8 19. Nf2 Bf6 20. O-O-O c5 21. d5 Bd4 22. Nd3 Nf6 23. Ba4 Re7 24. d6 Re6 25. Bb3 Ree8 26. Ba4 Rd8 27. e5 Ng8 28. e6 Rxd6 29. Rhe1 Be3+ 30. Kb1 0-1

[Event "Quebec-ch U16"]
[Site "Montreal CAN"]
[Date "1994.02.27"]
[Round "7"]
[White "Charbonneau, Pascal"]
[Black "Filion, Charles"]
[Result "0-1"]
[WhiteElo "1622"]
[BlackElo "1558"]
[PlyCount "126"]
[GameId "2160767912227608"]
[EventDate "1994.02.25"]
[EventType "tourn"]
[EventRounds "7"]
[EventCountry "CAN"]
[SourceTitle "hb 2014"]

1. e4 e5 2. Nf3 Nc6 3. Bc4 Bc5 4. c3 Nf6 5. d4 exd4 6. cxd4 Bb4+ 7. Bd2 Bxd2+ 8. Nbxd2 d5 9. exd5 Nxd5 10. O-O O-O 11. h3 Nb6 12. Bd3 Nb4 13. Be4 N4d5 14. Rc1 Re8 15. Re1 Nf6 16. Bb1 Rxe1+ 17. Qxe1 Nbd5 18. Ne4 Nxe4 19. Qxe4 Nf6 20. Qe5 c6 21. Re1 h6 22. Qe7 Qxe7 23. Rxe7 Kf8 24. Re5 Be6 25. b3 Nd5 26. Re1 Nc3 27. Kf1 Rd8 28. Rc1 Nb5 29. b4 Bd5 30. a4 Na3 31. Bd3 Bxf3 32. gxf3 Rxd4 33. Rc3 Rxb4 34. Rxa3 a5 35. Ke2 Ke7 36. Bc2 Kf6 37. Rd3 Rb2 38. Rd2 Kg5 39. Kd1 Kh4 40. Rd4+ Kxh3 41. Rg4 g6 42. Rg1 Kh4 43. Kc1 Ra2 44. Rg4+ Kh5 45. Kb1 Ra3 46. Rf4 f5 47. Kb2 Kg5 48. Rd4 Rxf3 49. Rd2 h5 50. Kc1 h4 51. Bd1 Rf4 52. f3 h3 53. Rh2 Kh4 54. Be2 Kg3 55. Rh1 Kg2 56. Rd1 h2 57. Bf1+ Kf2 58. Bd3 Rxa4 59. Rf1+ Kg2 60. Kb2 h1=Q 61. Rxh1 Kxh1 62. Kb3 Rf4 63. Be2 Kg2 0-1

[Event "Pere Noel U1900"]
[Site "Montreal CAN"]
[Date "1993.12.29"]
[Round "4"]
[White "Aguirre, Juan"]
[Black "Charbonneau, Pascal"]
[Result "0-1"]
[WhiteElo "1674"]
[BlackElo "1484"]
[PlyCount "90"]
[GameId "2160767912261499"]
[EventDate "1993.12.26"]
[EventType "swiss"]
[EventRounds "5"]
[EventCountry "CAN"]
[SourceTitle "Echec+ 1994.03"]

1. e4 c5 2. Nf3 d6 3. c3 Nf6 4. Be2 Nxe4 5. Qa4+ Nc6 6. Qxe4 d5 7. Qc2 e5 8. d3 Bf5 9. O-O Be7 10. Re1 c4 11. Qd1 cxd3 12. Bf1 Bg4 13. Qa4 e4 14. Ne5 Bd7 15. Nxd7 Qxd7 16. Be3 O-O 17. Nd2 f5 18. f4 Qe8 19. Qd1 Bd6 20. b4 Qd8 21. Nb3 Qh4 22. g3 Qf6 23. Nc5 Qxc3 24. a3 Nd4 25. Kh1 Nc2 26. Rc1 Qxe1 27. Qxe1 Nxe1 28. Rxe1 b6 29. Nb3 Rac8 30. Bd4 Rc2 31. Be5 Bxe5 32. fxe5 Rfc8 33. e6 d2 34. Rd1 Rc1 35. Rxd2 Rxf1+ 36. Kg2 Rf3 37. Nd4 Rd3 38. Rxd3 exd3 39. Kf2 g6 40. Ke3 Kf8 41. Kxd3 Ke7 42. b5 Rc4 43. Nc6+ Kxe6 44. Nxa7 Kd6 45. Nc8+ Rxc8 0-1

[Event "Pere Noel U1900"]
[Site "Montreal CAN"]
[Date "1993.12.30"]
[Round "5"]
[White "Tremblay, Alain"]
[Black "Charbonneau, Pascal"]
[Result "0-1"]
[WhiteElo "1590"]
[BlackElo "1484"]
[PlyCount "42"]
[GameId "2160767912261500"]
[EventDate "1993.12.26"]
[EventType "swiss"]
[EventRounds "5"]
[EventCountry "CAN"]
[SourceTitle "Echec+ 1994.03"]

1. e4 c5 2. c3 d5 3. exd5 Qxd5 4. Nf3 e6 5. d4 cxd4 6. cxd4 Nc6 7. Nc3 Qd8 8. Bd3 Nf6 9. O-O Be7 10. Re1 O-O 11. a3 a6 12. Bc4 Qb6 13. d5 Rd8 14. Ne5 Bc5 15. Nd3 exd5 16. Ba2 Bd4 17. Nxd5 Nxd5 18. Bxd5 Bf5 19. Bxc6 Bxf2+ 20. Nxf2 Rxd1 21. Rxd1 Qxc6 0-1